Who said these Dreamcatcher iconic quotes #1 - Statistics

General Stats
  • This quiz has been taken 93 times
  • The average score is 9 of 10
Answer Stats
Quote Member % Correct
AAAAAAAAAAAAAAAAAAAAAAAAAAAAAAAAAAAA SuA
99%
There is no reason, you should buy this album Yoohyeon
95%
Pathetic. Handong
94%
I'll take pics first and I'll undress you JiU
93%
Oh, Minji ! Hey, Minji ! Minji, what happened to you? Siyeon
93%
This is my drive test. If I don't pass it, I won't post this vlog Gahyun
92%
I want you. Yes. I want your money Dami
90%
Dreamcatcher is like a black hole, once you're in it you can't get out JiU
87%
When we recorded it, we were this close to the mic, almost like we're kissing it Handong
82%
I'll do a butt ceremony Yoohyeon
82%
No matching quizzes found
Score Distribution
Percent of People with Each Score
Percentile by Number Answered
Your Score History
You have not taken this quiz